La prisión de la libertad /

Сохранить в:
Библиографические подробности
Главный автор: Ende, Michael (autor)
Формат:
Язык:испанский
Опубликовано: Madrid, España : Alfaguara, 1993, c1993
Серии:(Alfaguara Literaturas ; 357)
Предметы:
Метки: Добавить метку
Нет меток, Требуется 1-ая метка записи!

MARC

LEADER 00000nam^a2200000^a^4500
001 000042425
005 20250521000000.0
009 20260310085735.284
020 |a 84-204-2793-4 
037 |a Acervo ITESO - Biblioteca 
041 |a ESP 
082 |a 833.  |b END 
100 |a Ende, Michael  |e (autor) 
245 1 3 |a La prisión de la libertad /  |c M. Ende; tr. por Genoveva Dieterich. 
264 4 |a Madrid, España :  |b Alfaguara,  |c 1993, c1993 
300 |a 212 p. 
336 |a texto  |b txt  |2 rdacontenido 
337 |a sin mediación  |b n  |2 rdamedio 
338 |a volumen  |b nc  |2 rdasoporte 
440 1 |a (Alfaguara Literaturas ;  |v 357) 
500 |a Traducción de: Das Gefängnis der Freiheit 
545 0 |a Michael Ende (1929-1995), actor profesional, crítico de cine y reconocido escritor alemán de literatura infantil y juvenil de corte fantástico. Hijo del pintor surrealista Edgar Ende, recibió una esmerada educación artística y humanística que, junto a sus vivencias de la Segunda Guerra Mundial, hicieron que buscara la belleza, la humanidad y la armonía en su narrativa. Renovador y reivindicador de la literatura fantástica para niños de la segunda mitad del siglo XX, recibió fuertes reproches por alejarse de la creación comprometida con la realidad, ante los cuales Ende defendió el uso de la fantasía (de corte surrealista, cargada de referencias filosóficas y literarias) como vía para integrarse a la realidad y como crítica del mundo tecnificado y consumista, al estilo de los escritores románticos del siglo XIX. A lo largo de su obra se encuentran referencias al teatro, sea porque se usa su estructura o porque es el tema central. Fue reconocido con los premios Deutscher Jugendbuchpreis (1974), Janusz Korczak (1981) y Lorenzo el Magnifico (1982). Entre otras, es autor de los libros infantiles Jim Knopf; Lucas el maquinista; El tragasueños; El secreto de Lena; El ponche de los deseos; Momo y La historia interminable; así como de los libros adultos El espejo en el espejo y El libro de los monicacos. 
649 |a XX 
650 |a Cuentos Alemanes 
650 |a Literatura Alemana -  |y Siglo XX 
650 |a Literatura Fantástica -  |z Alemania 
910 |a Fondo General 
920 |a Impresos - Libros 
930 |a Colección General 
940 |a Literatura 
905 |a 101 
901 |a 0424250100  |b IT1  |c LIT  |i 042425  |u 20250521 
902 |a https://opac.biblio.iteso.mx/vufind/Record/000042425